000 01271nam a2200349 i 4500
001 000021496
003 DO-SdBPM
005 20250721104548.0
007 ta
008 100908s1996 dr 000 0 spa d
020 _a8484001784
040 _aDO-SdBPM
_bspa
_cBPMSU
_erda
_d
041 _aspa
082 4 _a711.4
_bC167a 1996
_222
100 1 _aCalventi, Rafael,
_d1932-
_eautor
_4aut.
245 1 0 _aAutocracia e inversión pública :
_btemas para futuros gobiernos /
_cRafael Calventi ; introducción, Hugo Tolentino Dipp.
250 _aPrimera edición
264 4 _aSanto Domingo, República Dominicana :
_bEditora Taller,
_c©1996.
300 _a194 páginas ;
_c20 cm.
336 _atexto
_btxt
_2rdacontent
337 _asin mediación
_bn
_2rdamedia
338 _avolumen
_bnc
_2rdacarrier
490 0 _aBiblioteca Taller,
_v315
500 _aIncluye datos biográficos del autor en las solapas
500 _aIncluye referencias bibliográficas y notas al pie de las páginas.
590 _aInventariado, 2025/VM
650 7 _aSociología urbana
_zRepública Dominicana
651 7 _aRepública Dominicana
_xObras Públicas
700 1 _aTolentino Dipp, Hugo,
_eintroducción
_4introd.
910 _aVMateo V. Control de calidad. BPMSU
942 _2ddc
_cBK
999 _c15256
_d15256